000 01053nam a22003257a 4500
001 0074
003 DO-SdBNP
005 20180130114304.0
007 0074
008 151102b 2000 sp ||00| 0 spa d
020 _a8420734152
040 _aBPMSU
_bspa
_cBPMSU
082 _a863.6
_bP438 2000
092 _a
_b
100 1 _aPérez Galdós, Benito,
_d1843-1920.
245 1 0 _aMarianela /
_cBenito Pérez Galdós ; ilustración Mario Lacoma
250 _a11a ed.
260 _aMadrid, España :
_bEdiciones Anaya,
_c2000.
300 _a207 p. :
_bil.,
_c21 cm.
490 1 _aTus libros ;
_aRománticos
_v23
504 _aIncluye notas y referencias bibliográficas al pie de las páginas
504 _aBibliografías : p. 206-207
600 _aPérez Galdós, Benito,
_d1843-1920.
_tMARIANELA
_xADAPTACIONES JUVENILES
650 _aNOVELA JUVENILE ESPAÑOLA
700 1 0 _aLacoma, Mario,
_eil.
830 0 _aTus libros ;
_pRománticos
_v23
942 _2ddc
_cBK
945 _aInventariado, 2018 /LP
956 _aVMATEO
_b10
_c20161121
_dBPMSU
_f0069
999 _c8512
_d8512